Introducción a la probabilidad y estadística
Kaydedildi:
| Asıl Yazarlar: | , , |
|---|---|
| Materyal Türü: | Kitap |
| Dil: | İspanyolca |
| Baskı/Yayın Bilgisi: |
Ciudad de México
Cencage Learning
2010
|
| Edisyon: | 13a. ed |
| Konular: | |
| Etiketler: |
Etiketle
Etiket eklenmemiş, İlk siz ekleyin!
|
MARC
| LEADER | 00000cam a2200000 a 4500 | ||
|---|---|---|---|
| 001 | UCE1492 | ||
| 003 | CL-VaPUC | ||
| 008 | 140502e20100000mx |||||||||||||||||spa|d | ||
| 020 | |a 9786074813050 | ||
| 082 | 0 | 4 | |a 519.5 |b MEN |2 21 |
| 100 | |a Mendenhall, William |e autor |9 594170 | ||
| 700 | 0 | |a Beaver, Robert J |e author |9 573829 | |
| 700 | 0 | |a Beaver, Barbara M |e author |9 573830 | |
| 245 | 1 | 0 | |a Introducción a la probabilidad y estadística |
| 250 | |a 13a. ed | ||
| 300 | |a 746 p | ||
| 942 | |c BK | ||
| 945 | |d 20140502 10:02:00 |a cmena | ||
| 260 | |a Ciudad de México |b Cencage Learning |c 2010 | ||
| 650 | 0 | |a Estadística matemática |9 260028 | |
| 650 | 0 | |a Muestreo (Estadística) |9 270232 | |
| 650 | 0 | |a Teoría de probabilidades |9 336944 | |
| 583 | |a last modification |c 20140502 10:02:00 |k Rodrigo Vera | ||
| 999 | |c 355268 |d 355266 | ||
| 952 | |0 0 |1 0 |3 erb |4 0 |6 519_500000000000000_MEN_2010 |7 0 |8 R |9 461878 |a BIBAGR |b BIBAGR |i 5072778 |o 519.5 MEN 2010 |p 5072778 |r 2025-01-20 |w 2019-11-23 |y BK_R |z Catalogado en:20140502 |k AGR | ||
| 952 | |0 0 |1 0 |3 erb |4 0 |6 519_500000000000000_MEN_2010 |7 0 |8 R |9 461879 |a BIBAGR |b BIBAGR |i 5072786 |o 519.5 MEN 2010 |p 5072786 |r 2025-01-20 |w 2019-11-23 |y BK_R |z Catalogado en:20140502 |k AGR | ||
| 952 | |0 0 |1 0 |3 erb |4 0 |6 519_500000000000000_MEN_2010 |7 0 |8 R |9 461880 |a BIBAGR |b BIBAGR |i 5072794 |o 519.5 MEN 2010 |p 5072794 |r 2025-01-20 |w 2019-11-23 |y BK_R |z Catalogado en:20140502 |k AGR | ||
| 952 | |0 0 |1 0 |3 erb |4 0 |6 519_500000000000000_MEN_2010 |7 0 |8 R |9 461881 |a BIBAGR |b BIBAGR |i 5072808 |o 519.5 MEN 2010 |p 5072808 |r 2025-01-20 |w 2019-11-23 |y BK_R |z Catalogado en:20140502 |k AGR | ||
| 952 | |0 0 |1 0 |3 erb |4 0 |6 519_500000000000000_MEN_2010 |7 0 |8 R |9 461882 |a BIBAGR |b BIBAGR |i 5072816 |o 519.5 MEN 2010 |p 5072816 |r 2025-01-20 |w 2019-11-23 |y BK_R |z Catalogado en:20140502 |k AGR | ||
| 952 | |0 0 |1 0 |3 erb |4 0 |6 519_500000000000000_MEN_2010 |7 0 |8 R |9 461883 |a BIBAGR |b BIBAGR |i 5072824 |o 519.5 MEN 2010 |p 5072824 |r 2025-01-20 |w 2019-11-23 |y BK_R |z Catalogado en:20140502 |k AGR | ||